<?xml version="1.0" encoding="UTF-8"?>
<collection xmlns:xsi="http://www.w3.org/2001/XMLSchema-instance" xsi:schemaLocation="http://www.loc.gov/MARC21/slim http://www.loc.gov/standards/marcxml/schema/MARC21slim.xsd" xmlns="http://www.loc.gov/MARC21/slim">
 <record>
  <leader>00000cam a22000008a 4500</leader>
  <controlfield tag="001">UP-99796217609970986</controlfield>
  <controlfield tag="003">Buklod</controlfield>
  <controlfield tag="005">20230503071510.0</controlfield>
  <controlfield tag="006">a     r     001 0 </controlfield>
  <controlfield tag="007">ta</controlfield>
  <controlfield tag="008">100309s2010    nyu     r    |000 0|eng d</controlfield>
  <datafield tag="020" ind1=" " ind2=" ">
   <subfield code="a">9780230231023 (pbk.)</subfield>
  </datafield>
  <datafield tag="035" ind1=" " ind2=" ">
   <subfield code="a">(iLib)UPD-00177206283</subfield>
  </datafield>
  <datafield tag="040" ind1=" " ind2=" ">
   <subfield code="a">DLC</subfield>
   <subfield code="d">DLAW</subfield>
  </datafield>
  <datafield tag="041" ind1="0" ind2=" ">
   <subfield code="a">eng</subfield>
  </datafield>
  <datafield tag="090" ind1=" " ind2="0">
   <subfield code="a">JF 51</subfield>
   <subfield code="b">H28 2010</subfield>
  </datafield>
  <datafield tag="100" ind1="1" ind2=" ">
   <subfield code="a">Hague, Rod.</subfield>
  </datafield>
  <datafield tag="245" ind1="1" ind2="0">
   <subfield code="a">Comparative government and politics</subfield>
   <subfield code="b">an introduction</subfield>
   <subfield code="c">Rod Hague and Martin Harrop.</subfield>
  </datafield>
  <datafield tag="250" ind1=" " ind2=" ">
   <subfield code="a">8th ed.</subfield>
  </datafield>
  <datafield tag="264" ind1=" " ind2="1">
   <subfield code="a">New York</subfield>
   <subfield code="b">Palgrave Macmillan</subfield>
   <subfield code="c">2010.</subfield>
  </datafield>
  <datafield tag="300" ind1=" " ind2=" ">
   <subfield code="a">xv, 442 p.</subfield>
  </datafield>
  <datafield tag="490" ind1="0" ind2=" ">
   <subfield code="a">Comparative government and politics</subfield>
  </datafield>
  <datafield tag="505" ind1="8" ind2=" ">
   <subfield code="a">Machine generated contents note: PART 1 CONCEPTS AND APPROACHES -- Political Concepts -- Comparative Approaches -- Comparative Methods -- PART 2 STATES AND REGIMES -- The State -- Democracy -- Authoritarian Rule -- PART 3 POLITICAL MOBILIZATION -- Political Culture -- Political Communication -- Political Participation -- Elections and Voting -- Interest Groups -- Political Parties -- PART 4 GOVERNMENT AND GOVERNANCE -- Constitutions and Law -- Multilevel Governance -- Legislatures -- The Political Executive -- Public Management and Administration -- PART 5 PUBLIC POLICY AND POLITICAL ECONOMY -- The Policy Process -- Political Economy -- PART 1 CONCEPTS AND APPROACHES -- Political Concepts -- Comparative Approaches -- Comparative Methods -- PART 2 STATES AND REGIMES -- The State -- Democracy -- Authoritarian Rule -- PART 3 POLITICAL MOBILIZATION -- Political Culture -- Political Communication -- Political Participation -- Elections and Voting -- Interest Groups -- Political Parties -- PART 4 GOVERNMENT AND GOVERNANCE -- Constitutions and Law -- Multilevel Governance -- Legislatures -- The Political Executive -- Public Management and Administration -- PART 5 PUBLIC POLICY AND POLITICAL ECONOMY -- The Policy Process -- Political Economy.</subfield>
  </datafield>
  <datafield tag="520" ind1=" " ind2=" ">
   <subfield code="a">Long established as the leading text in the field, the 8th edition has been comprehensively updated and rewritten. Accessible, student-friendly and truly international in its coverage, this edition has an improved structure and new material on methodology&quot;-- Provided by publisher.</subfield>
  </datafield>
  <datafield tag="650" ind1=" " ind2="0">
   <subfield code="a">Comparative government.</subfield>
  </datafield>
  <datafield tag="700" ind1="1" ind2=" ">
   <subfield code="a">Harrop, Martin.</subfield>
  </datafield>
  <datafield tag="842" ind1=" " ind2=" ">
   <subfield code="a">Book</subfield>
  </datafield>
  <datafield tag="905" ind1=" " ind2=" ">
   <subfield code="a">FO</subfield>
  </datafield>
  <datafield tag="950" ind1=" " ind2=" ">
   <subfield code="a">Monograph</subfield>
  </datafield>
  <datafield tag="852" ind1="0" ind2=" ">
   <subfield code="a">UPD</subfield>
   <subfield code="b">DECON</subfield>
   <subfield code="h">JF 51</subfield>
   <subfield code="i">H28 2010</subfield>
  </datafield>
  <datafield tag="852" ind1="0" ind2=" ">
   <subfield code="a">UPD</subfield>
   <subfield code="b">DLAW</subfield>
   <subfield code="h">JF 51 H28 2010</subfield>
  </datafield>
  <datafield tag="942" ind1=" " ind2=" ">
   <subfield code="a">Book</subfield>
  </datafield>
 </record>
</collection>
